US States By Size - Statistics

General Stats
  • This quiz has been taken 517 times
  • The average score is 15 of 50
Answer Stats
Total Area (²m) State % Correct
663,267.26 ²m Alaska
98%
268,580.82 ²m Texas
98%
163,695.57 ²m California
94%
147,042.40 ²m Montana
80%
121,589.48 ²m New Mexico
66%
113,998.30 ²m Arizona
63%
110,560.72 ²m Nevada
61%
104,093.57 ²m Colorado
55%
1,545.05 ²m Rhode Island
50%
97,813.56 ²m Wyoming
46%
98,380.64 ²m Oregon
44%
2,489.27 ²m Delaware
39%
5,543.33 ²m Connecticut
32%
84,898.83 ²m Utah
31%
83,570.08 ²m Idaho
29%
86,938.87 ²m Minnesota
29%
96.716.11 ²m Michigan
28%
9,614.26 ²m Vermont
26%
9,349.94 ²m New Hampshire
24%
10,930.98 ²m Hawaii
23%
8,721.30 ²m New Jersey
23%
10,554.57 ²m Massachusetts
22%
70,699.79 ²m North Dakota
22%
77,116.49 ²m South Dakota
22%
82,276.84 ²m Kansas
21%
12,406.68 ²m Maryland
21%
77,353.73 ²m Nebraska
21%
71,299.64 ²m Washington
20%
65,754.59 ²m Florida
18%
69,704.31 ²m Missouri
18%
69,898.19 ²m Oklahoma
17%
35,384.65 ²m Maine
16%
59,424.77 ²m Georgia
14%
24,229.76 ²m West Virginia
14%
65,497.82 ²m Wisconsin
14%
56,271.55 ²m Iowa
12%
32,020.20 ²m South Carolina
12%
52,419.02 ²m Alabama
11%
57, 914.38 ²m Illinois
11%
36,417.73 ²m Indiana
11%
54,556.00 ²m New York
11%
44,824.90 ²m Ohio
11%
53,178.62 ²m Arkansas
10%
53,181.51 ²m North Carolina
10%
40,409.02 ²m Kentucky
9%
48,430.19 ²m Mississippi
9%
46,055.24 ²m Pennsylvania
9%
42,143.27 ²m Tennessee
9%
51,829.70 ²m Louisiana
8%
42,774.20 ²m Virginia
8%
No matching quizzes found
Score Distribution
Percent of People with Each Score
Percentile by Number Answered
Your Score History
You have not taken this quiz